01481nam a2200373 u 450000100070000000500170000700800410002403500110006503500210007604000130009704100080011008000070011810000310012524500710015626000430022730000090027050500390027950500450031850500500036350500480041350500750046150500500053650500640058650500520065050500510070250500560075365000220080965000360083165000240086765000260089165000150091771000850093271100900101758090320260506084316.0000219s1999 spa  a580903 a(OCoLC)777766667 ccomduadb aspa aSH10aMeyer, Daniel E.4auteaut10aMemorias del 1 Curso Internacional de Acuacultura en Aguas Calidas aMedellín :b[sin publicador],c1999. a88h.80tResena de la acuacultura Hondurena80tEl cultivo hiper-intensivo de la tilapia80tAlternativas en la alimentacion de la tilapia80tProduccion comercial de alevinos de tilapia80tSeleccion, manejo y comparacion de algunas lineas geneticas de tilapia80tAlgunos problemas zoosanitarios de la tilapia80tLa calidad del agua el cultivo de peces y el medio ambiente80tLa comercializacion y el mercadeo de la tilapia80tEl cultivo comercial de los camarones peneidos80tPerspectivas y necesidade futuras de la acuacultura 7aAcuicultura2lemb aTilapia : Sarotherodon nilotica aCultivo de tilapias aAlimentación animal aSeminarios20aUniversidad de Antioquia. Facultad de Medicina Veterinaria y Zootecnia4spnespn20aCurso Internacional de Acuacultura de Aguas Calidas (1. : 1999 : Medellin),4auteaut